Tackling rogue landlords and improving the private rental sector (Record no. 115538)

MARC details
000 -LEADER
fixed length control field 01166cam a22002055a 4500
001 - CONTROL NUMBER
control field L158843
008 - FIXED-LENGTH DATA ELEMENTS--GENERAL INFORMATION
fixed length control field 150817s2015 xxk f 000 0 eng d
020 ## - INTERNATIONAL STANDARD BOOK NUMBER
International Standard Book Number 9781409846543
035 ## - SYSTEM CONTROL NUMBER
System control number (Sirsi) u158843
041 0# - LANGUAGE CODE
Language code of text/sound track or separate title eng
110 2# - MAIN ENTRY--CORPORATE NAME
Corporate name or jurisdiction name as entry element United Kingdom
Subordinate unit Department for Communities and Local Government
9 (RLIN) 4939
245 00 - TITLE STATEMENT
Title Tackling rogue landlords and improving the private rental sector
Remainder of title A technical discussion paper
Medium [electronic resource]
260 ## - PUBLICATION, DISTRIBUTION, ETC.
Place of publication, distribution, etc. London
Name of publisher, distributor, etc. DCLG
Date of publication, distribution, etc. 2015
520 ## - SUMMARY, ETC.
Summary, etc. The Government sets out proposals for blacklisting rogue landlords and letting agents who rent out unsafe and substandard accommodation by introducing stricter penalties and extending rent repayment orders. Includes measures to help landlords legally repossess abandoned properties where tenants disappear leaving rent areas and property unsecured. Consultation closes on 27 August 2015.
590 ## - LOCAL NOTE (RLIN)
Local note KA
651 #4 - SUBJECT ADDED ENTRY--GEOGRAPHIC NAME
Geographic name England
Chronological subdivision 886-
690 ## - LOCAL SUBJECT ADDED ENTRY--TOPICAL TERM (OCLC, RLIN)
Topical term or geographic name as entry element Residential property
9 (RLIN) 6266
856 40 - ELECTRONIC LOCATION AND ACCESS
Uniform Resource Identifier <a href="https://www.gov.uk/government/uploads/system/uploads/attachment_data/file/450862/Discussion_paper_FINAL.pdf">https://www.gov.uk/government/uploads/system/uploads/attachment_data/file/450862/Discussion_paper_FINAL.pdf</a>
Public note View the item free of charge from the www.gov.uk website.
942 ## - ADDED ENTRY ELEMENTS (KOHA)
Suppress in OPAC 0
Holdings
Withdrawn status Lost status Source of classification or shelving scheme Damaged status Not for loan Home library Current library Shelving location Date acquired Total Checkouts Full call number Barcode Date last seen Copy number Price effective from Koha item type
    Dewey Decimal Classification     Virtual Virtual Online 17/08/2015   ONLINE PUBLICATON 158843-2001 06/08/2019 1 06/08/2019 Book